The question of government spending : (Record no. 200959)

MARC details
000 -LEADER
fixed length control field 00994nam a2200301 a 4500
001 - CONTROL NUMBER
control field vtls000194024
003 - CONTROL NUMBER IDENTIFIER
control field NLI
005 - DATE AND TIME OF LATEST TRANSACTION
control field 20210602113201.0
008 - FIXED-LENGTH DATA ELEMENTS--GENERAL INFORMATION
fixed length control field 101125s1960 nyua 001 0 eng
020 ## - INTERNATIONAL STANDARD BOOK NUMBER
Terms of availability USD 3.75
039 #9 - LEVEL OF BIBLIOGRAPHIC CONTROL AND CODING DETAIL [OBSOLETE]
-- 201011252311
-- VLOAD
040 0# - CATALOGING SOURCE
Original cataloging agency NLI
Language of cataloging eng
Transcribing agency Datasoft 1
Description conventions AACR2
041 0# - LANGUAGE CODE
Language code of text/sound track or separate title eng
044 ## - COUNTRY OF PUBLISHING/PRODUCING ENTITY CODE
MARC country code nyu
082 04 - DEWEY DECIMAL CLASSIFICATION NUMBER
Classification number 336.39
100 1# - MAIN ENTRY--PERSONAL NAME
Personal name Bator, Francis M.
Fuller form of name (Francis Michel),
Dates associated with a name 1925-
9 (RLIN) 375388
245 14 - TITLE STATEMENT
Title The question of government spending :
Remainder of title public needs and private wants /
Statement of responsibility, etc. Francis M. Bator
260 ## - PUBLICATION, DISTRIBUTION, ETC.
Place of publication, distribution, etc. New York :
Name of publisher, distributor, etc. Harper,
Date of publication, distribution, etc. c1960
300 ## - PHYSICAL DESCRIPTION
Extent xvi, 167 p. :
Other physical details ill. ;
Dimensions 22 cm.
500 ## - GENERAL NOTE
General note Includes index
651 #0 - SUBJECT ADDED ENTRY--GEOGRAPHIC NAME
Geographic name United States
General subdivision Appropriations and expenditures
9 (RLIN) 293303
887 ## - NON-MARC INFORMATION FIELD
Content of non-MARC field
901 ## - LOCAL DATA ELEMENT A, LDA (RLIN)
a 333911
b 30.07.1960
902 ## - LOCAL DATA ELEMENT B, LDB (RLIN)
a E 336.39 B 321
942 ## - ADDED ENTRY ELEMENTS (KOHA)
Source of classification or shelving scheme Dewey Decimal Classification
Koha item type Books
949 ## - LOCAL PROCESSING INFORMATION (OCLC)
-- VIRTUAITEM
-- 10000
-- 100
6 PUR000333911ENG
Holdings
Withdrawn status Lost status Damaged status Not for loan Collection code Home library Current library Shelving location Date acquired Total Checkouts Full call number Barcode Date last seen Price effective from Koha item type
        New English National Library of India National Library of India New English - Main Stack Division     E 336.39 B 321 PUR000333911ENG 02/06/2021 02/06/2021 Books
                                                                           
web counter

Copyright ©2020 The National Library of India, Govt. of India ↔ Hosted by NVLI, MOC ↔ Technology and Design by National Library of India, Ministry of Culture, Govt. of India